[Event "Novokuznetsk op"]
[Site "Novokuznetsk"]
[Date "2012.08.08"]
[Round "7"]
[White "Drachev, Nikita"]
[Black "Gruzinskiy, Sergey"]
[Result "1-0"]
[WhiteElo "1797"]
[BlackElo "1734"]
[PlyCount "83"]
[EventDate "2012.08.02"]
[EventType "swiss"]
[EventRounds "9"]
[EventCountry "RUS"]
[SourceTitle "EXT 2013"]
[Source "ChessBase"]
[SourceDate "2012.11.22"]
[SourceVersion "1"]
[SourceVersionDate "2012.11.22"]
[SourceQuality "1"]

1. d4 e6 2. c4 f5 3. g3 Nf6 4. Bg2 c6 5. Nh3 d5 6. b3 Bd6 7. 0-0 Qe7 8. a4 a5 9. Ba3 Bxa3 10. Nxa3 0-0 11. Nc2 Na6 12. Nf4 Ne4 13. Ne1 Nb4 14. Nf3 h6 15. Ng6 Qf7 16. Nfe5 Qe8 17. Nxf8 Qxf8 18. Bxe4 fxe4 19. f3 Qf5 20. e3 b6 21. Qe2 Ba6 22. Rae1 Rc8 23. fxe4 Qxe4 24. Qh5 b5 25. Qf7+ Kh7 26. Qh5 Nd3 27. Rf7 Rg8 28. Nxd3 Qxd3 29. cxb5 cxb5 30. Qe5 Qxb3 31. axb5 Bxb5 32. Qxe6 Qc3 33. Rb1 Re8 34. Qf5+ Kg8 35. Rxb5 Qxe3+ 36. Qf2 Qc1+ 37. Kg2 Qc4 38. Rbb7 Qc2 39. Rxg7+ Kh8 40. Rh7+ Qxh7 41. Rxh7+ Kxh7 42. Qf7+ 1-0

[Event "Novokuznetsk op"]
[Site "Novokuznetsk"]
[Date "2012.08.06"]
[Round "5"]
[White "Duriagin, Kirill"]
[Black "Gruzinskiy, Sergey"]
[Result "1/2-1/2"]
[WhiteElo "1892"]
[BlackElo "1734"]
[PlyCount "89"]
[EventDate "2012.08.02"]
[EventType "swiss"]
[EventRounds "9"]
[EventCountry "RUS"]
[SourceTitle "EXT 2013"]
[Source "ChessBase"]
[SourceDate "2012.11.22"]
[SourceVersion "1"]
[SourceVersionDate "2012.11.22"]
[SourceQuality "1"]

1. Nf3 e6 2. g3 f5 3. d4 Nf6 4. Bg2 d5 5. Ne5 Bd6 6. c4 c6 7. cxd5 exd5 8. Nc3 Qe7 9. f4 0-0 10. 0-0 Nbd7 11. Bd2 Ne4 12. Nxe4 fxe4 13. Nxd7 Bxd7 14. Be3 Qf6 15. Qb3 b6 16. Bxe4 Kh8 17. Bf3 Qg6 18. Kh1 Rf6 19. Rac1 h5 20. Qc2 Qh6 21. Bd2 Raf8 22. e4 dxe4 23. Bxe4 c5 24. f5 Qh7 25. Bg5 Bxf5 26. Rxf5 Rxf5 27. Be3 g6 28. Qc3 Qg7 29. Bxf5 Rxf5 30. dxc5 Bxc5 31. a3 Qxc3 32. Rxc3 Bxe3 33. Rxe3 Kg7 34. Re7+ Rf7 35. Rxf7+ Kxf7 36. Kg2 Ke6 37. Kf3 Kf5 38. h3 g5 39. g4+ hxg4+ 40. hxg4+ Ke5 41. Ke3 b5 42. b3 a5 43. a4 b4 44. Kd3 Kd5 45. Ke3 1/2-1/2

[Event "Novokuznetsk op"]
[Site "Novokuznetsk"]
[Date "2012.08.03"]
[Round "2"]
[White "Alimov, Alexander"]
[Black "Gruzinskiy, Sergey"]
[Result "1-0"]
[WhiteElo "1955"]
[BlackElo "1734"]
[PlyCount "55"]
[EventDate "2012.08.02"]
[EventType "swiss"]
[EventRounds "9"]
[EventCountry "RUS"]
[SourceTitle "EXT 2013"]
[Source "ChessBase"]
[SourceDate "2012.11.22"]
[SourceVersion "1"]
[SourceVersionDate "2012.11.22"]
[SourceQuality "1"]

1. d4 e6 2. e4 d5 3. e5 c5 4. c3 Qb6 5. Nf3 Nc6 6. a3 a5 7. Bd3 cxd4 8. cxd4 Bd7 9. Bc2 Nge7 10. Nc3 Ng6 11. 0-0 Be7 12. g3 0-0 13. Na4 Qc7 14. h4 Rac8 15. Nc3 f6 16. h5 Nh8 17. Bf4 fxe5 18. Nxe5 Bd6 19. Nb5 Qb6 20. Nxd6 Rc7 21. Qd3 g6 22. hxg6 hxg6 23. Nxg6 Rf7 24. Nxf7 Nxf7 25. Bxc7 Qxc7 26. Nf4 Nxd4 27. Qh7+ Kf8 28. Ng6+ 1-0